Music Quiz

Random Music or Song Quiz

Revolver Quiz Stats

Quiz not verified by Sporcle

Challenge
Share
Tweet
Embed
Score 0/14 Timer 05:00
0 Plays Today
Track Number Song % Correct
1.Taxman
98.1%
2.Eleanor Rigby
96.3%
6.Yellow Submarine
94.4%
8.Good Day Sunshine
90.7%
3.I'm Only Sleeping
88.9%
9.And Your Bird Can Sing
88.9%
13.Got To Get You Into My Life
88.9%
Track Number Song % Correct
14.Tomorrow Never Knows
88.9%
7.She Said She Said
87%
11.Doctor Robert
87%
5.Here, There and Everywhere
85.2%
4.Love You To
83.3%
10.For No One
83.3%
12.I Want To Tell You
64.8%

You're not logged in!

Compare scores with friends on all Sporcle quizzes.
Join for Free
OR
Log In

You Might Also Like...

Show Comments

Extras

Created Jun 14, 2011ReportNominate
Tags:Album Quiz, Song Quiz, revolver

Top Quizzes Today


Score Distribution

Your Account Isn't Verified!

In order to create a playlist on Sporcle, you need to verify the email address you used during registration. Go to your Sporcle Settings to finish the process.

Report this User

Report this user for behavior that violates our Community Guidelines.

Details: